[Event "Biel Master Tournament"]
[Site "Biel"]
[Date "2011.07.19"]
[Round "2"]
[White "Maze, Sebastien"]
[Black "Halay, Taufik"]
[Result "1-0"]
[WhiteElo "2578"]
[BlackElo "2341"]
[PlyCount "93"]
[EventDate "2011.??.??"]
[EventCountry "SUI"]

1. Nf3 c5 2. c4 Nc6 3. e3 g6 4. Nc3 Nf6 5. d4 d6 6. d5 Nb4 7. e4 Bg7 8. Be2 O-O
9. O-O e5 10. a3 Na6 11. Ne1 Qe7 12. Bg5 h6 13. Bh4 g5 14. Bg3 Bd7 15. Nc2 Nc7
16. b4 b6 17. Ne3 Na6 18. Rb1 Rfc8 19. h3 Rab8 20. b5 Nc7 21. Bg4 Nce8 22. Bxd7
Nxd7 23. h4 Nf8 24. Nf5 Qf6 25. hxg5 hxg5 26. Qc2 Ng6 27. Nd1 Nf4 28. Nde3 Bf8
29. Rb3 Qg6 30. Ng4 Nh5 31. Bh2 Rc7 32. Rh3 f6 33. g3 Rh7 34. Kg2 Rbb7 35. f3
Rh8 36. Rh1 Rbh7 37. Bg1 Neg7 38. Be3 Nxf5 39. exf5 Qf7 40. R1h2 Be7 41. Qb1
Bd8 42. Qh1 Be7 43. Nf2 Rh6 44. Ne4 Qh7 45. Kf2 Nxg3 46. Kxg3 Rxh3+ 47. Rxh3
1-0

[Event "Biel Master Tournament"]
[Site "Biel"]
[Date "2011.07.19"]
[Round "2"]
[White "Kovchan, Alexander"]
[Black "Codenotti, Marco"]
[Result "1-0"]
[WhiteElo "2554"]
[BlackElo "2323"]
[PlyCount "77"]
[EventDate "2011.??.??"]
[EventCountry "SUI"]

1. e4 c5 2. Nf3 Nc6 3. d4 cxd4 4. Nxd4 g6 5. c4 Nf6 6. Nc3 d6 7. Be2 Nxd4 8.
Qxd4 Bg7 9. Be3 O-O 10. Qd2 a5 11. Rc1 a4 12. f3 Be6 13. Rc2 Qa5 14. Nd5 Qxd2+
15. Kxd2 Nxd5 16. cxd5 Bd7 17. Rc7 Rfd8 18. Rhc1 Bxb2 19. R1c2 Bf6 20. Rxb7 Kg7
21. Rcc7 Be8 22. Bc4 Rab8 23. Kd3 g5 24. g3 Kg6 25. Bd4 Rxb7 26. Rxb7 Bxd4 27.
Kxd4 Bd7 28. Ra7 e5+ 29. dxe6 Bxe6 30. Rxa4 Bxc4 31. Rxc4 f5 32. a4 fxe4 33.
fxe4 Ra8 34. Kd5 Ra6 35. Ke6 Kh5 36. Kd7 h6 37. Kc7 Kg6 38. Kb7 Ra5 39. Kb6 1-0

[Event "Biel Master Tournament"]
[Site "Biel"]
[Date "2011.07.19"]
[Round "2"]
[White "Domont, Alex"]
[Black "Alsina Leal, Daniel"]
[Result "1-0"]
[WhiteElo "2377"]
[BlackElo "2549"]
[PlyCount "151"]
[EventDate "2011.??.??"]
[EventCountry "SUI"]
[WhiteTeam "Nyon"]

1. d4 Nf6 2. c4 g6 3. g3 Bg7 4. Bg2 d5 5. cxd5 Nxd5 6. Nf3 Nb6 7. O-O Nc6 8. e3
O-O 9. Nc3 Re8 10. Nd2 e5 11. d5 Nb4 12. Qb3 a5 13. Nc4 Nxc4 14. Qxc4 Bd7 15.
a3 Na6 16. Bd2 c6 17. Rac1 Rc8 18. Qe2 Nc5 19. Ne4 Nxe4 20. Bxe4 Bh3 21. Rfd1
cxd5 22. Rxc8 Bxc8 23. Bc3 d4 24. Qb5 b6 25. exd4 exd4 26. Bc6 Re6 27. Bd2 Ba6
28. Qxa6 Rxc6 29. Bxa5 h5 30. Bd2 h4 31. Qd3 Qd7 32. Qf3 h3 33. g4 Rc2 34. Qxh3
Rxb2 35. Bb4 Qe6 36. Qf3 Re2 37. h3 Re4 38. Rd3 Qe5 39. Qg3 Qb5 40. Qb8+ Re8
41. Qg3 Rd8 42. Qf3 Qc4 43. Qe4 Qc8 44. Rd2 Re8 45. Rc2 Qd8 46. Qf3 Re6 47. Qb7
Re8 48. Qf3 Qb8 49. Rd2 Re1+ 50. Kg2 Rc1 51. Re2 Qc8 52. Qd5 Rc7 53. Qe4 Rd7
54. Qe8+ Qxe8 55. Rxe8+ Kh7 56. Re7 Rxe7 57. Bxe7 d3 58. Kf3 Bd4 59. a4 d2 60.
Ke2 Bxf2 61. Kxd2 f5 62. Ke2 Bg1 63. Kf1 Bd4 64. gxf5 gxf5 65. Bh4 Be5 66. Bd8
Bd4 67. Kg2 Kg6 68. Kf3 Bc5 69. Bc7 Bg1 70. Bb8 Kh5 71. Ba7 Kh4 72. Kg2 Be3 73.
a5 f4 74. Bxb6 Bd2 75. Bf2+ Kg5 76. a6 1-0

[Event "Biel Master Tournament"]
[Site "Biel"]
[Date "2011.07.19"]
[Round "2"]
[White "Megaranto, Susanto"]
[Black "Novita, Anjas"]
[Result "1-0"]
[WhiteElo "2544"]
[BlackElo "2314"]
[PlyCount "72"]
[EventDate "2011.??.??"]
[EventCountry "SUI"]

1. d4 d5 2. Nf3 a6 3. Bg5 Nf6 4. e3 c5 5. dxc5 e6 6. c4 Bxc5 7. Nc3 Qb6 8. Bxf6
gxf6 9. a3 dxc4 10. Bxc4 Bd7 11. O-O Be7 12. Qd4 Qd8 13. Rfd1 Nc6 14. Qg4 Qc7
15. Qg7 O-O-O 16. Qxf7 Kb8 17. Qh5 Rhg8 18. Rac1 f5 19. Bf1 Rg7 20. b4 Rdg8 21.
Na4 Bf6 22. Rd2 e5 23. Nc5 Bc8 24. Ne1 f4 25. Qf3 fxe3 26. fxe3 Bg5 27. Nc2 Rf7
28. Qe2 Rgf8 29. Ne4 Be7 30. g3 Na7 31. Bg2 Bd7 32. Rdd1 Bb5 33. Qd2 Bc6 34.
Ne1 Qb6 35. Nd3 {Rest nicht lesbar} Bd6 36. Qe1 Rf5 1-0

[Event "Biel Master Tournament"]
[Site "Biel"]
[Date "2011.07.19"]
[Round "2"]
[White "Weber, Tom"]
[Black "Bogner, Sebastian"]
[Result "1/2-1/2"]
[WhiteElo "2324"]
[BlackElo "2528"]
[PlyCount "83"]
[EventDate "2011.??.??"]
[EventCountry "SUI"]
[BlackTeam "Waldshut.Tiengen"]

1. c4 Nf6 2. g3 c6 3. Nf3 d5 4. Bg2 dxc4 5. Na3 Be6 6. Ng5 Bd5 7. e4 h6 8. exd5
hxg5 9. dxc6 Nxc6 10. O-O Rc8 11. Nxc4 e6 12. d3 Nd5 13. a3 Be7 14. Re1 Bf6 15.
Be4 Kf8 16. Rb1 Rc7 17. Bd2 Rd7 18. Ne3 Nb6 19. Bxc6 bxc6 20. Qc2 Rxd3 21. Bb4+
Kg8 22. Qxc6 Qd7 23. Qc2 Kh7 24. a4 Rc8 25. Bc3 Bxc3 26. bxc3 Rcxc3 27. Qe2 Rc5
28. Rec1 Rxc1+ 29. Rxc1 Nxa4 30. Qh5+ Kg8 31. Qxg5 Nc3 32. Ra1 f6 33. Qa5 Nb5
34. Rb1 Nd6 35. Ra1 Nc8 36. Rc1 Nb6 37. Ra1 Nc8 38. Rc1 Qd8 39. Qa6 Nb6 40.
Qxa7 Rd7 41. Qa6 Rd6 42. Qb7 1/2-1/2

[Event "Biel Master Tournament"]
[Site "Biel"]
[Date "2011.07.19"]
[Round "2"]
[White "Bakre, Tejas"]
[Black "Rudin, Hamdani"]
[Result "1/2-1/2"]
[WhiteElo "2522"]
[BlackElo "2313"]
[PlyCount "102"]
[EventDate "2011.??.??"]
[EventCountry "SUI"]

1. c4 c5 2. Nf3 Nc6 3. g3 g6 4. Bg2 Bg7 5. O-O e5 6. Nc3 Nge7 7. a3 a5 8. Ne1
d6 9. Nc2 O-O 10. Rb1 Be6 11. Ne3 f5 12. Ned5 f4 13. d3 g5 14. b4 axb4 15. axb4
cxb4 16. Nxb4 Rf7 17. Ne4 Nf5 18. Nc2 h6 19. Ba3 Bf8 20. Rb2 Nfd4 21. Nxd4 Nxd4
22. Bb4 Bg4 23. h3 Bxe2 24. Rxe2 f3 25. Rb2 fxg2 26. Kxg2 Ra6 27. Bc3 d5 28.
cxd5 Qxd5 29. Bxd4 Qxd4 30. Qb1 Qd7 31. Rb5 Ra3 32. Rd1 Bg7 33. Rb3 Ra8 34. Qc2
g4 35. h4 Qf5 36. Qe2 Bf8 37. Rdb1 Rd8 38. Rxb7 Qf3+ 39. Qxf3 gxf3+ 40. Kh3
Rxd3 41. Rxf7 Kxf7 42. Kg4 Ke6 43. Rb6+ Kd5 44. Kf5 Rd4 45. Rb8 Bb4 46. g4 Be7
47. Rb5+ Kc4 48. Rxe5 Bxh4 49. Re6 Kd3 50. Rxh6 Rxe4 51. Rxh4 Re7 1/2-1/2

[Event "Biel Master Tournament"]
[Site "Biel"]
[Date "2011.07.19"]
[Round "2"]
[White "Lederer, Yoav"]
[Black "Miezis, Normunds"]
[Result "0-1"]
[WhiteElo "2319"]
[BlackElo "2520"]
[PlyCount "62"]
[EventDate "2011.??.??"]
[EventCountry "SUI"]

1. c4 c5 2. g3 Nc6 3. Bg2 g6 4. Nc3 Bg7 5. Nf3 e5 6. O-O Nge7 7. a3 a5 8. Ne1
d6 9. Nc2 h5 10. d3 h4 11. Ne3 Nd4 12. Ned5 Nxd5 13. Nxd5 Bg4 14. f3 Bd7 15. g4
h3 16. Bh1 a4 17. Rb1 Nb3 18. Be3 Rb8 19. Nc3 f5 20. gxf5 gxf5 21. f4 e4 22.
Nxe4 fxe4 23. Bxe4 Bc6 24. Rf3 Qe7 25. Rg3 Bd4 26. Bxd4 cxd4 27. Bg6+ Kd8 28.
Qe1 Kc7 29. e4 dxe3 30. Rxe3 Qf6 31. Re7+ Kd8 0-1

[Event "Biel Master Tournament"]
[Site "Biel"]
[Date "2011.07.20"]
[Round "3"]
[White "Miezis, Normunds"]
[Black "Bu, Xiangzhi"]
[Result "1/2-1/2"]
[WhiteElo "2520"]
[BlackElo "2675"]
[PlyCount "85"]
[EventDate "2011.??.??"]
[EventCountry "SUI"]

1. c4 e6 2. e4 c5 3. Nc3 Nc6 4. g3 g6 5. Bg2 Bg7 6. Nge2 d6 7. a3 Nge7 8. O-O
O-O 9. d3 b6 10. Rb1 Bb7 11. b4 Qd7 12. Be3 Nd4 13. Qd2 Nec6 14. b5 Nxe2+ 15.
Nxe2 Nd4 16. Nxd4 cxd4 17. Bh6 f5 18. Bxg7 Kxg7 19. Rbe1 Rae8 20. a4 e5 21. f4
fxe4 22. Bxe4 Rf7 23. Qg2 Bxe4 24. Qxe4 Qf5 25. Qc6 Qe6 26. Kg2 Ree7 27. Rf3
Rf6 28. fxe5 Rxf3 29. Qxf3 dxe5 30. Rf1 Re8 31. a5 e4 32. Qf4 bxa5 33. Re1 Qf5
34. dxe4 Qc5 35. e5 Qxc4 36. Qf6+ Kg8 37. e6 Rf8 38. Qe5 d3 39. e7 Re8 40. Rf1
d2 41. Rf8+ Rxf8 42. Qh8+ Kxh8 43. exf8=Q+ 1/2-1/2

[Event "Biel Master Tournament"]
[Site "Biel"]
[Date "2011.07.20"]
[Round "3"]
[White "Gharamian, Tigran"]
[Black "Maze, Sebastien"]
[Result "1-0"]
[WhiteElo "2670"]
[BlackElo "2578"]
[PlyCount "81"]
[EventDate "2011.??.??"]
[EventCountry "SUI"]

1. e4 c6 2. d4 d5 3. Nc3 dxe4 4. Nxe4 Bf5 5. Ng3 Bg6 6. c3 Nf6 7. Nh3 e6 8. Nf4
Nd5 9. h4 Nxf4 10. Bxf4 h6 11. h5 Bh7 12. Bd3 Bxd3 13. Qxd3 Bd6 14. Bxd6 Qxd6
15. Ne4 Qc7 16. O-O-O Nd7 17. Kb1 O-O-O 18. Qf3 Nb6 19. Rh3 Kb8 20. Qg3 Rhg8
21. Rd3 Nd7 22. Nd6 f5 23. Nc4 c5 24. d5 f4 25. d6 fxg3 26. dxc7+ Kxc7 27.
Rhxg3 Nf6 28. Rxd8 Kxd8 29. Rh3 Kc7 30. Kc2 Rd8 31. Ne5 Ne4 32. Re3 Nxf2 33.
Rf3 Rd5 34. Rf7+ Kc8 35. Ng6 Rxh5 36. Rxf2 Rg5 37. Nf8 Re5 38. Rf7 Re2+ 39. Kb3
Rxg2 40. Nxe6 h5 41. Nxg7 1-0

[Event "Biel Master Tournament"]
[Site "Biel"]
[Date "2011.07.20"]
[Round "3"]
[White "Khmelniker, Ilya"]
[Black "Bauer, Christian"]
[Result "1/2-1/2"]
[WhiteElo "2510"]
[BlackElo "2637"]
[PlyCount "80"]
[EventDate "2011.??.??"]
[EventCountry "SUI"]
[BlackTeam "Montpellier"]

1. d4 f5 2. Nf3 Nf6 3. g3 g6 4. Bg2 Bg7 5. O-O O-O 6. c4 c6 7. Nc3 d6 8. Rb1 a5
9. d5 e5 10. dxe6 Bxe6 11. b3 Na6 12. Bf4 Nh5 13. Bg5 Qd7 14. Na4 Rae8 15. Rc1
f4 16. Nb6 Qf7 17. Qxd6 h6 18. Bxf4 Rd8 19. Qa3 Nxf4 20. gxf4 Qxf4 21. Qe7 Bg4
22. e3 Qf7 23. Qxf7+ Rxf7 24. Nd4 Rxd4 25. exd4 Bxd4 26. Na4 Be2 27. Rc2 Bxf1
28. Bxf1 Rf4 29. Rd2 Kf7 30. Bh3 b5 31. cxb5 cxb5 32. Nb2 Nc5 33. Bg2 Kf6 34.
Bc6 Bc3 35. Rc2 b4 36. Na4 Nxa4 37. Bxa4 g5 38. Re2 g4 39. Bc6 Bd4 40. Kg2 Be5
1/2-1/2

[Event "Biel Master Tournament"]
[Site "Biel"]
[Date "2011.07.20"]
[Round "3"]
[White "Bok, Benjamin"]
[Black "Baklan, Vladimir"]
[Result "1/2-1/2"]
[WhiteElo "2507"]
[BlackElo "2620"]
[PlyCount "70"]
[EventDate "2011.??.??"]
[EventCountry "SUI"]

1. e4 c5 2. Nf3 d6 3. d4 cxd4 4. Nxd4 Nf6 5. Nc3 Nc6 6. Bg5 e6 7. Qd2 a6 8.
O-O-O Bd7 9. f3 Be7 10. Be3 h5 11. Kb1 Qc7 12. Nxc6 Bxc6 13. Ne2 d5 14. e5 Nd7
15. f4 Bb5 16. g3 g6 17. Bg2 Bxe2 18. Qxe2 Rc8 19. h3 Nb6 20. g4 Nc4 21. Bd4
Bc5 22. c3 Bxd4 23. cxd4 hxg4 24. hxg4 Rxh1 25. Bxh1 Ne3 26. Re1 Nxg4 27. a3
Nh6 28. Bxd5 exd5 29. e6 f5 30. e7 Qxf4 31. Qe6 Rc6 32. Qxd5 Qd6 33. Qh1 Qf4
34. Qd5 Qd6 35. Qh1 Qf4 1/2-1/2

[Event "Biel Master Tournament"]
[Site "Biel"]
[Date "2011.07.20"]
[Round "3"]
[White "Stevic, Hrvoje"]
[Black "Megaranto, Susanto"]
[Result "1/2-1/2"]
[WhiteElo "2619"]
[BlackElo "2544"]
[PlyCount "45"]
[EventDate "2011.??.??"]
[EventCountry "SUI"]

1. e4 c6 2. Nc3 d5 3. Nf3 Bg4 4. h3 Bxf3 5. Qxf3 e6 6. Be2 Nf6 7. O-O Be7 8. d3
O-O 9. Qg3 Kh8 10. Bf4 Qb6 11. Rab1 Na6 12. a3 d4 13. Na2 Nc5 14. Bc7 Qa6 15.
c4 b5 16. Bd6 Qb7 17. Bxe7 Qxe7 18. b4 Ncd7 19. e5 Ng8 20. Qf4 bxc4 21. Qxd4
cxd3 22. Bxd3 a5 23. Qe4 1/2-1/2

[Event "Biel Master Tournament"]
[Site "Biel"]
[Date "2011.07.20"]
[Round "3"]
[White "Gleizerov, Evgeny"]
[Black "Wirig, Anthony"]
[Result "1/2-1/2"]
[WhiteElo "2590"]
[BlackElo "2510"]
[PlyCount "115"]
[EventDate "2011.??.??"]
[EventCountry "SUI"]

1. d4 d5 2. c4 c6 3. Nf3 Nf6 4. Nc3 a6 5. Ne5 Nbd7 6. Bf4 Qa5 7. e3 Nxe5 8.
Bxe5 Ne4 9. Qa4 Qb6 10. O-O-O Nxc3 11. bxc3 Bf5 12. Qb3 Qa5 13. c5 f6 14. Bg3
e5 15. Bd3 Bxd3 16. Rxd3 Qb5 17. Kc2 Qxb3+ 18. Kxb3 h5 19. h4 O-O-O 20. Rd2
exd4 21. cxd4 g6 22. Kc3 Rh7 23. Rb2 Rf7 24. Kd3 Re8 25. Bf4 Be7 26. f3 f5 27.
g4 fxg4 28. fxg4 Bd8 29. Rg1 Bc7 30. Bxc7 Kxc7 31. gxh5 gxh5 32. Rg5 Rfe7 33.
Re2 Rh8 34. Rf2 Kb8 35. Rff5 Reh7 36. a4 a5 37. e4 dxe4+ 38. Kxe4 Ka7 39. Kd3
Kb8 40. Kc4 Ka7 41. d5 cxd5+ 42. Rxd5 Rf7 43. Rd4 Ka6 44. Rg6+ Ka7 45. Rg5 Ka6
46. Rg6+ Ka7 47. Kb5 Rf5 48. Rgd6 Re8 49. Rd7 Re6 50. Rc7 Rb6+ 51. Kxa5 Rb1 52.
Rc4 Rf6 53. Rb4 Rxb4 54. Kxb4 Ka6 55. c6 bxc6 56. Kc5 Rf4 57. Rxc6+ Ka5 58. Kd5
1/2-1/2

[Event "Biel Master Tournament"]
[Site "Biel"]
[Date "2011.07.20"]
[Round "3"]
[White "Neelotpal, Das"]
[Black "Cheparinov, Ivan"]
[Result "0-1"]
[WhiteElo "2453"]
[BlackElo "2669"]
[PlyCount "74"]
[EventDate "2011.??.??"]
[EventCountry "SUI"]

1. d4 Nf6 2. c4 e6 3. g3 d5 4. Bg2 Bb4+ 5. Bd2 Be7 6. Nf3 O-O 7. O-O c6 8. Qc2
b6 9. Bf4 Nbd7 10. Rd1 Ba6 11. b3 Re8 12. Nc3 h6 13. e4 dxc4 14. Nd2 b5 15.
bxc4 bxc4 16. Bf1 Nb6 17. a4 Bb4 18. a5 Nbd7 19. Na2 Bxd2 20. Bxd2 c5 21. dxc5
Nxc5 22. Nb4 Bb5 23. Bf4 Nd3 24. Nxd3 cxd3 25. Qb1 Qd7 26. Bxd3 Bxd3 27. Rxd3
Qc6 28. f3 g5 29. Be3 Red8 30. Qd1 Qc7 31. Raa3 Rxd3 32. Qxd3 Rd8 33. Qc3 Rd1+
34. Kg2 Qd6 35. a6 g4 36. Bxh6 Qb6 37. Be3 Qb5 0-1

[Event "Biel Master Tournament"]
[Site "Biel"]
[Date "2011.07.20"]
[Round "3"]
[White "Raetsky, Alexander"]
[Black "Ulibin, Mikhail"]
[Result "1/2-1/2"]
[WhiteElo "2425"]
[BlackElo "2538"]
[PlyCount "90"]
[EventDate "2011.??.??"]
[EventCountry "SUI"]

1. d4 e6 2. Nf3 f5 3. d5 Nf6 4. dxe6 d5 5. c4 Bxe6 6. Bg5 Bb4+ 7. Nc3 Nc6 8.
cxd5 Bxd5 9. e3 h6 10. Bxf6 Qxf6 11. Qc2 O-O-O 12. a3 Bxc3+ 13. Qxc3 Qxc3+ 14.
bxc3 f4 15. O-O-O fxe3 16. fxe3 Rhe8 17. Re1 Ne5 18. e4 Bg8 19. Bb5 c6 20. Be2
Nd7 21. Bd1 Nc5 22. Bc2 Nd3+ 23. Bxd3 Rxd3 24. Kc2 Rd6 25. Re3 Rg6 26. g3 Rf6
27. Rhe1 Bc4 28. e5 Rf7 29. Kc1 c5 30. Nd2 Bd5 31. c4 Bc6 32. Ne4 Bxe4 33. Rxe4
Re6 34. Kc2 b6 35. h4 Kd8 36. a4 Ke7 37. R1e3 Rc6 38. Rd3 Re6 39. Rd5 Rf3 40.
Rg4 g6 41. a5 Ra3 42. axb6 axb6 43. Kd2 Ra2+ 44. Kd3 Ra3+ 45. Kd2 Ra2+ 1/2-1/2

[Event "Biel Master Tournament"]
[Site "Biel"]
[Date "2011.07.20"]
[Round "3"]
[White "Tseitlin, Mark"]
[Black "Bakre, Tejas"]
[Result "1/2-1/2"]
[WhiteElo "2407"]
[BlackElo "2522"]
[PlyCount "79"]
[EventDate "2011.??.??"]
[EventCountry "SUI"]

1. e4 c5 2. Nf3 d6 3. d4 cxd4 4. Qxd4 Nc6 5. Bb5 Bd7 6. Bxc6 Bxc6 7. Nc3 Nf6 8.
Bg5 e6 9. Qd3 Be7 10. Nd4 Qa5 11. Bd2 Qc7 12. f4 d5 13. e5 Ne4 14. Nxe4 dxe4
15. Qc4 Rc8 16. Nxc6 Qxc6 17. Qxc6+ Rxc6 18. O-O-O f5 19. exf6 gxf6 20. g4 Rg8
21. h3 Bc5 22. Rhe1 f5 23. Re2 Rd6 24. Be3 Bxe3+ 25. Rxe3 Ke7 26. Ra3 a6 27.
Rb3 b5 28. a4 Rxd1+ 29. Kxd1 bxa4 30. Rb7+ Kd6 31. Rb6+ Kc5 32. Rxa6 fxg4 33.
hxg4 Rxg4 34. Ke2 Rxf4 35. Rxa4 Rh4 36. Ra5+ Kd6 37. Ke3 Rh2 38. Ra6+ Ke5 39.
Ra5+ Kd6 40. Ra6+ 1/2-1/2

[Event "Biel Master Tournament"]
[Site "Biel"]
[Date "2011.07.20"]
[Round "3"]
[White "Rudin, Hamdani"]
[Black "Heimann, Andreas"]
[Result "1-0"]
[WhiteElo "2313"]
[BlackElo "2498"]
[PlyCount "93"]
[EventDate "2011.??.??"]
[EventCountry "SUI"]
[BlackTeam "Grenzach-Whylen"]

1. e4 e5 2. Nf3 Nc6 3. Bb5 Nf6 4. Qe2 Bc5 5. d3 Nd4 6. Nxd4 Bxd4 7. c3 Bb6 8.
Bg5 h6 9. Bh4 c6 10. Ba4 d6 11. Nd2 a5 12. Bc2 g5 13. Bg3 Bg4 14. f3 Be6 15.
Bf2 Bxf2+ 16. Qxf2 a4 17. a3 Nd7 18. d4 b5 19. Nf1 Nb6 20. O-O-O Qc7 21. Ne3
O-O-O 22. h4 Kb7 23. Kb1 f6 24. d5 cxd5 25. exd5 Bd7 26. Bf5 Rdf8 27. g4 Nc4
28. Bxd7 Qxd7 29. Nf5 h5 30. Rh2 hxg4 31. fxg4 gxh4 32. Rxh4 Rh7 33. Rdh1 Rfh8
34. Ka2 Rxh4 35. Rxh4 Rxh4 36. Qxh4 Qf7 37. Qh1 Ka6 38. b3 axb3+ 39. Kxb3 Qg8
40. Qg2 Qg5 41. a4 Qc1 42. Qa2 Na5+ 43. Kb4 Qf1 44. Nxd6 Qf4+ 45. c4 bxc4 46.
Qe2 Qg3 47. Nxc4 1-0

[Event "Biel Master Tournament"]
[Site "Biel"]
[Date "2011.07.20"]
[Round "3"]
[White "Holzke, Frank"]
[Black "Pruess, David"]
[Result "1/2-1/2"]
[WhiteElo "2497"]
[BlackElo "2363"]
[PlyCount "112"]
[EventDate "2011.??.??"]
[EventCountry "SUI"]

1. c4 Nf6 2. Nc3 e6 3. e4 c5 4. e5 Ng8 5. Nf3 Nc6 6. d4 cxd4 7. Nxd4 Nxe5 8.
Ndb5 a6 9. Nd6+ Bxd6 10. Qxd6 Nc6 11. Qg3 Qf6 12. Ne4 Qe5 13. Qxe5 Nxe5 14. Bf4
f6 15. O-O-O Nh6 16. Bxh6 gxh6 17. Nxf6+ Ke7 18. Ne4 Rf8 19. f3 b6 20. Nd6 Nf7
21. Nxf7 Rxf7 22. Rd4 Bb7 23. Rh4 Rf6 24. Rg4 Rg6 25. h3 Rag8 26. Bd3 Rg5 27.
Rh2 h5 28. Rxg5 Rxg5 29. h4 Rg8 30. Kd2 h6 31. Ke3 Kd6 32. Kf2 Kc5 33. Rh1 e5
34. Re1 d6 35. Be4 Bxe4 36. Rxe4 a5 37. g4 hxg4 38. Rxg4 Rf8 39. Ke3 h5 40. Rg5
Rf4 41. Rxh5 Rxc4 42. Rh8 Kd5 43. Rb8 Rxh4 44. Rxb6 Rh2 45. Rb5+ Ke6 46. f4
Rh3+ 47. Ke2 exf4 48. Rxa5 d5 49. b4 Ke5 50. Ra8 Kd4 51. b5 f3+ 52. Kf2 Ke4 53.
Re8+ Kf4 54. Rf8+ Ke4 55. Re8+ Kf4 56. Rf8+ Ke4 1/2-1/2

[Event "Biel Master Tournament"]
[Site "Biel"]
[Date "2011.07.20"]
[Round "3"]
[White "Klauser, Markus"]
[Black "Grandadam, Patrik"]
[Result "1-0"]
[WhiteElo "2386"]
[BlackElo "2178"]
[PlyCount "59"]
[EventDate "2011.??.??"]
[EventCountry "SUI"]
[WhiteTeam "Belp"]
[BlackTeam "Huningue"]

1. e4 c5 2. Nf3 e6 3. d4 cxd4 4. Nxd4 a6 5. Bd3 Bc5 6. Nb3 Be7 7. Qg4 Bf6 8.
O-O Ne7 9. f4 d6 10. Nc3 Nbc6 11. Bd2 b5 12. Rae1 b4 13. Nd1 a5 14. e5 dxe5 15.
fxe5 Qb6+ 16. Kh1 Nxe5 17. Rxe5 Bxe5 18. Qf3 O-O 19. Qxa8 Nc6 20. Ne3 Bb8 21.
Nc4 Qc7 22. Bf4 e5 23. Nxe5 Bb7 24. Ng6 Qb6 25. Ne7+ Kh8 26. Nd5 Qa7 27. Qxa7
Bxa7 28. Be3 Bb8 29. Bc5 Bc8 30. Nb6 1-0

[Event "Biel Master Tournament"]
[Site "Biel"]
[Date "2011.07.21"]
[Round "4"]
[White "Edouard, Romain"]
[Black "Gharamian, Tigran"]
[Result "1/2-1/2"]
[WhiteElo "2587"]
[BlackElo "2670"]
[PlyCount "21"]
[EventDate "2011.??.??"]
[EventCountry "SUI"]

1. e4 c6 2. d4 d5 3. Nc3 dxe4 4. Nxe4 Nd7 5. Bd3 Ngf6 6. Ng5 e6 7. Qe2 Bd6 8.
N1f3 h6 9. Ne4 Nxe4 10. Qxe4 Qc7 11. Qg4 1/2-1/2

[Event "Biel Master Tournament"]
[Site "Biel"]
[Date "2011.07.21"]
[Round "4"]
[White "Sokolov, Andrei"]
[Black "Grachev, Boris"]
[Result "1/2-1/2"]
[WhiteElo "2579"]
[BlackElo "2680"]
[PlyCount "90"]
[EventDate "2011.??.??"]
[EventCountry "SUI"]
[WhiteTeam "Belfort"]

1. e4 e6 2. d4 d5 3. Nc3 Nf6 4. Bg5 dxe4 5. Nxe4 Nbd7 6. Nf3 h6 7. Bxf6 Nxf6 8.
Nxf6+ Qxf6 9. Bb5+ c6 10. Bd3 a6 11. O-O c5 12. c3 cxd4 13. cxd4 Bd6 14. Qe2
O-O 15. Ne5 Rd8 16. Rad1 Rb8 17. Qe4 g6 18. Qe3 h5 19. f4 Bc7 20. Kh1 Bb6 21.
Bc4 Ba7 22. f5 gxf5 23. Be2 Bd7 24. Bxh5 Be8 25. g4 Bc6+ 26. Nxc6 bxc6 27. gxf5
exf5 28. Qe5 Qxe5 29. dxe5 Rxd1 30. Bxd1 Rxb2 31. Bb3 Bf2 32. Kg2 Bd4+ 33. Kh3
Bxe5 34. Rxf5 Bxh2 35. Bxf7+ Kg7 36. Bb3 Bd6 37. Kg4 Rg2+ 38. Kf3 Rg3+ 39. Ke4
Rg4+ 40. Kf3 Rg3+ 41. Ke4 Bb4 42. Rf7+ Kg6 43. Ra7 a5 44. Ra6 Rc3 45. Bd5 Kf6
1/2-1/2

[Event "Biel Master Tournament"]
[Site "Biel"]
[Date "2011.07.21"]
[Round "4"]
[White "Bu, Xiangzhi"]
[Black "Khmelniker, Ilya"]
[Result "1-0"]
[WhiteElo "2675"]
[BlackElo "2510"]
[PlyCount "99"]
[EventDate "2011.??.??"]
[EventCountry "SUI"]

1. d4 Nf6 2. c4 g6 3. g3 c6 4. Bg2 d5 5. Nf3 Bg7 6. Qb3 O-O 7. O-O dxc4 8. Qxc4
Na6 9. Nc3 Be6 10. Qa4 Nd5 11. Rd1 Nb6 12. Qa5 Nd5 13. Qa4 Nb6 14. Qc2 Nb4 15.
Qb1 N4d5 16. Ne4 Bf5 17. Nh4 Bg4 18. Nf3 Bf5 19. h3 Nf6 20. Nxf6+ exf6 21. e4
Be6 22. g4 Qd6 23. b3 f5 24. gxf5 gxf5 25. e5 Qe7 26. Re1 Nd5 27. Bg5 f6 28.
exf6 Bxf6 29. Bh6 Kh8 30. Bxf8 Rxf8 31. Qc1 Rg8 32. Kh1 Qg7 33. Rg1 f4 34. Bf1
Qh6 35. Rxg8+ Kxg8 36. Qe1 Kf7 37. Kh2 Qh5 38. Qe2 Bg4 39. Bg2 Bxd4 40. Re1 Bf6
41. Ng5+ Qxg5 42. Qxg4 Ne7 43. Qe6+ Kf8 44. Bf3 Qh4 45. Re2 Kg7 46. Qd7 Kh6 47.
Qxb7 Nf5 48. Qf7 Nd4 49. Be4 Bg7 50. Qg8 1-0

[Event "Biel Master Tournament"]
[Site "Biel"]
[Date "2011.07.21"]
[Round "4"]
[White "Cheparinov, Ivan"]
[Black "Miezis, Normunds"]
[Result "1/2-1/2"]
[WhiteElo "2669"]
[BlackElo "2520"]
[PlyCount "55"]
[EventDate "2011.??.??"]
[EventCountry "SUI"]

1. d4 Nf6 2. c4 e6 3. Nf3 b6 4. g3 Bb4+ 5. Bd2 c5 6. Bxb4 cxb4 7. Bg2 Bb7 8.
O-O a5 9. Nbd2 d6 10. Qc2 Qc7 11. a3 Na6 12. Rfc1 O-O 13. Ng5 Bxg2 14. Kxg2 h6
15. Nge4 Nxe4 16. Qxe4 Rae8 17. Qd3 Qb7+ 18. Qf3 Qc7 19. Qd3 Qb7+ 20. Qf3 Qe7
21. e3 f5 22. Kg1 Kh8 23. Qe2 bxa3 24. bxa3 Nb8 25. Rab1 Nd7 26. Rb5 e5 27. Qf3
Qd8 28. Qc6 1/2-1/2

[Event "Biel Master Tournament"]
[Site "Biel"]
[Date "2011.07.21"]
[Round "4"]
[White "Bauer, Christian"]
[Black "Bok, Benjamin"]
[Result "1/2-1/2"]
[WhiteElo "2637"]
[BlackElo "2507"]
[PlyCount "145"]
[EventDate "2011.??.??"]
[EventCountry "SUI"]
[WhiteTeam "Montpellier"]

1. Nf3 Nf6 2. c4 g6 3. Nc3 d5 4. cxd5 Nxd5 5. Qc2 Nc6 6. d4 Bg7 7. e4 Nxc3 8.
bxc3 O-O 9. Ba3 Na5 10. Be2 b6 11. O-O c5 12. dxc5 Qc7 13. cxb6 axb6 14. Rfc1
Rd8 15. Nd4 e5 16. Nb5 Qc6 17. Rd1 Be6 18. Be7 Rxd1+ 19. Rxd1 Nb7 20. a3 Nc5
21. c4 Nxe4 22. Bf3 f5 23. Nd6 Ra7 24. Nxe4 fxe4 25. Bxe4 Qxc4 26. Qxc4 Bxc4
27. Bb4 Kf7 28. Rd8 Bf6 29. Rf8+ Kg7 30. Rb8 b5 31. g3 Be7 32. Bxe7 Rxe7 33.
Rb7 Kf6 34. f3 Rxb7 35. Bxb7 Ke6 36. Be4 Kd6 37. Kf2 Bf7 38. Ke3 h6 39. f4
exf4+ 40. Kxf4 Be8 41. h4 Ke6 42. g4 Kf6 43. g5+ hxg5+ 44. hxg5+ Ke6 45. Bb7
Kd6 46. Ke4 Bd7 47. Kd4 Bf5 48. Bf3 Bb1 49. Bd5 Bf5 50. Bb7 Bb1 51. Bf3 Bf5 52.
Bd1 Bb1 53. Be2 Kc6 54. Ke5 Kb6 55. Bd1 Ka6 56. Bb3 Ka5 57. Kf6 Bd3 58. Kg7 Bb1
59. Kf6 Bd3 60. Ke5 Bb1 61. Kd6 Kb6 62. Kd5 Bf5 63. Kd4 Bb1 64. Bf7 Bf5 65. Be8
Bb1 66. Bd7 Ba2 67. Bg4 Bb1 68. Be2 Bf5 69. Kd5 Bb1 70. Bg4 Ba2+ 71. Kd4 Bb1
72. Bd7 Ba2 73. Be8 1/2-1/2

[Event "Biel Master Tournament"]
[Site "Biel"]
[Date "2011.07.21"]
[Round "4"]
[White "Megaranto, Susanto"]
[Black "Rodshtein, Maxim"]
[Result "1/2-1/2"]
[WhiteElo "2544"]
[BlackElo "2637"]
[PlyCount "59"]
[EventDate "2011.??.??"]
[EventCountry "SUI"]

1. d4 Nf6 2. Nf3 g6 3. Nc3 d5 4. Bf4 Bg7 5. e3 O-O 6. Be2 c5 7. dxc5 Nbd7 8.
O-O Nxc5 9. Be5 Bg4 10. h3 Bxf3 11. Bxf3 e6 12. Qe2 Rc8 13. Rfd1 Qb6 14. Rab1
a6 15. a3 Ncd7 16. Bg3 Rfe8 17. Na2 Qc5 18. c3 b5 19. Nb4 Qb6 20. e4 a5 21. Nc2
dxe4 22. Bxe4 Nxe4 23. Qxe4 Nf6 24. Qd4 Qb7 25. Be5 Rc4 26. Qd8 Rc8 27. Qd4 Rc4
28. Qd2 Rcc8 29. Qd4 Rc4 30. Qd8 1/2-1/2

[Event "Biel Master Tournament"]
[Site "Biel"]
[Date "2011.07.21"]
[Round "4"]
[White "Baklan, Vladimir"]
[Black "Paehtz, Elisabeth"]
[Result "1-0"]
[WhiteElo "2620"]
[BlackElo "2463"]
[PlyCount "64"]
[EventDate "2011.??.??"]
[EventCountry "SUI"]

1. e4 c5 2. Nf3 Nf6 3. e5 Nd5 4. g3 Nc6 5. Bg2 d6 6. exd6 Qxd6 7. O-O Bg4 8. h3
Bh5 9. d4 O-O-O 10. c4 Nb6 11. d5 Bxf3 12. Qxf3 Nd4 13. Qxf7 Nxc4 14. Nc3 g6
15. Ne4 Qxd5 16. Ng5 Qxg5 17. Bxg5 Ne5 18. Qxe7 Bxe7 19. Bxe7 Ne2+ 20. Kh1 Rd2
21. Bxc5 b6 22. Be3 Rxb2 23. Bd5 Rd8 24. Rfd1 Rd6 25. Kg2 Kd7 26. Bg8 h5 27.
Rxd6+ Kxd6 28. Re1 Nc6 29. Ra1 Kc7 30. Be6 Ne5 31. Bb3 a5 32. Bd5 Nc6 {Rest
unleserlich} 1-0